| 000 | 00511cam a22001811 4500 | ||
|---|---|---|---|
| 001 | 46178 | ||
| 090 | _a46178 | ||
| 100 | _a19950817d1965 m y0pory5003 ba | ||
| 102 | _aPT | ||
| 200 | 1 |
_aOs novos padres _fMichel de Saint Pierre _gtrad. de Ângela Martha |
|
| 210 | 9 |
_aLisboa _cLivraria Clássica _d1965 |
|
| 215 |
_a353 p., 1 f. _d19 cm |
||
| 225 | 2 |
_aOrbe _v31 |
|
| 304 | _aTít. orig. : Les nouveaux prétes | ||
| 700 | 1 |
_aSaint Pierre, _bMichel de, _f1916- |
|
| 702 | 1 |
_aMarta, _bAngela |
|
| 801 | 0 |
_aPT _bBN _gRPC |
|
| 990 | _cLIVROS | ||